| 000 | 00412nam a2200133Ia 4500 | ||
|---|---|---|---|
| 008 | 220217s9999 xx 000 0 und d | ||
| 245 | 0 | _aSpecification for cold polymerized oil-extended raw styrene-butadiene rubber. (First Revision). | |
| 260 | _c1985 | ||
| 500 | _aStandard number: IS 5188 | ||
| 650 | _aCold polymerization | ||
| 650 | _aOil extended SBR | ||
| 650 | _aStyrene butadiene rubber | ||
| 942 | _cST | ||
| 999 |
_c73825 _d73825 |
||